Statystyki dla Państwa położone najbliżej USA

Kliknij tutaj aby rozwiązać quiz!

Ogólne statystyki

  • Ten quiz został rozwiązany 13 053 razy
  • Średni wynik to 14 z 22

Statystyki odpowiedzi

OdległośćKraj% Poprawnych
0 kmKanada
100%
0 kmMeksyk
99%
149 kmKuba
84%
1680 kmPanama
75%
1070 kmDominikana
74%
3 kmRosja
73%
1694 kmKolumbia
71%
932 kmHaiti
67%
978 kmHonduras
66%
758 kmJamajka
66%
1804 kmWenezuela
65%
1533 kmKostaryka
63%
1051 kmGwatemala
61%
85 kmBahamy
59%
1358 kmSalwador
59%
1079 kmNikaragua
58%
930 kmBelize
57%
2198 kmJaponia
55%
2109 kmAntigua i Barbuda
33%
2008 kmSaint Kitts i Nevis
33%
2159 kmFrancja (Gwadelupa)
32%
1665 kmKiribati
16%

Rozkład punktacji

Percentyl według liczby udzielonych odpowiedzi

Procent ludzi z każdym wynikiem

Twoja historia wyników

Nie rozwiązałeś tego quizu